Normal view
MARC view
Entry Topical Term
001 - CONTROL NUMBER
- control field: 656366
003 - CONTROL NUMBER IDENTIFIER
- control field:
005 - DATE AND TIME OF LATEST TRANSACTION
- control field: 20210603170957.0
008 - FIXED-LENGTH DATA ELEMENTS
- fixed length control field: 210603|| aca||aabn | a|a d
040 ## - CATALOGING SOURCE
- Original cataloging agency:
- Transcribing agency:
150 ## - HEADING--TOPICAL TERM
- Topical term or geographic name entry element: Hydrology, Forest
670 ## - SOURCE DATA FOUND
- Source citation: Work cat.: (): National Institute of Hydralogy, Roorkee 656365, Hydrological influences of forests /, [n.d.]
